Statistics for Denver Nuggets NBA Playoffs Leaders Per Year

Click here to take the quiz!

General Stats

  • This quiz has been taken 37 times
  • The average score is 15 of 58

Answer Stats

Player % Correct
Carmelo Anthony
100%
Nikola Jokic
88%
Alex English
84%
Dikembe Mutombo
81%
Allen Iverson
81%
Marcus Camby
59%
David Thompson
59%
Al Smith
59%
Otis Smith
59%
J.R. Smith
59%
Chauncey Billups
59%
Paul Millsap
56%
Kiki Vandeweghe
50%
Reggie Williams
47%
Dan Issel
44%
Kenneth Faried
41%
Ty Lawson
41%
Bobby Jones
38%
Larry Jones
38%
Nene Hilario
34%
Fat Lever
34%
Michael Adams
28%
JaVale McGee
25%
Kenyon Martin
25%
Andre Miller
25%
Andre Iguodala
19%
Chris Andersen
19%
Larry Brown
19%
LaPhonso Ellis
16%
Danny Schayes
16%
Voshon Lenard
13%
Ralph Simpson
13%
Mike Green
13%
Wayne Cooper
13%
T.R. Dunn
9%
Bill Hanzlik
9%
Calvin Natt
6%
Blair Rasmussen
6%
Byron Beck
6%
Spencer Haywood
6%
Bryant Stith
6%
Dave Robisch
3%
Raymond Felton
3%
Earl Boykins
3%
Fatty Taylor
3%
Robert Pack
3%
Ted McClain
3%
Grant Simmons
3%
Rodney Rogers
0%
Jalen Rose
0%
Mark Alarie
0%
Julius Keye
0%
Cliff Levingston
0%
Bob Wilkerson
0%
Tom Boswell
0%
Jeffrey Congdon
0%
Joe Barry Carroll
0%
Wayne Hightower
0%

Score Distribution

Percentile by Number Answered

Percent of People with Each Score

Your Score History

You have not taken this quiz